[Event "NOR-ch Class2"]
[Site "Lillehammer"]
[Date "2013.06.29"]
[Round "1"]
[White "Lie, Gunnar"]
[Black "Kvendseth, Cornelius"]
[Result "1/2-1/2"]
[WhiteElo "1671"]
[BlackElo "1552"]
[PlyCount "68"]
[EventDate "2013.06.29"]
[EventType "swiss"]
[EventRounds "9"]
[EventCountry "NOR"]
[SourceTitle "EXT 2017"]
[Source "ChessBase"]
[SourceDate "2016.10.25"]
[SourceVersion "1"]
[SourceVersionDate "2016.10.25"]
[SourceQuality "1"]

1. d4 d5 2. e4 dxe4 3. Nc3 Nf6 4. f3 e3 5. Bxe3 Bf5 6. Bd3 Bxd3 7. Qxd3 e6 8. Nge2 Be7 9. 0-0-0 c6 10. g4 Na6 11. Kb1 Nb4 12. Qd2 a5 13. Ne4 b5 14. N2g3 Nd7 15. f4 Nb6 16. f5 Qc8 17. Nh5 g6 18. Nhf6+ Kd8 19. fxg6 hxg6 20. Qf2 Kc7 21. Bf4+ Kb7 22. Be5 Rd8 23. Ng5 Rf8 24. h4 Nd7 25. Nxd7 Qxd7 26. Nh7 Qd5 27. b3 Rfe8 28. Qxf7 Qe4 29. Rh2 Qxg4 30. Rf1 Kb6 31. Qf4 Qh5 32. Qf7 Qg4 33. Qf4 Qh5 34. Qf7 Qg4 1/2-1/2

[Event "NOR-ch Class2"]
[Site "Lillehammer"]
[Date "2013.06.29"]
[Round "9"]
[White "Lie, Gunnar"]
[Black "Moberg, Jan Rune"]
[Result "1-0"]
[WhiteElo "1671"]
[BlackElo "1538"]
[PlyCount "67"]
[EventDate "2013.06.29"]
[EventType "swiss"]
[EventRounds "9"]
[EventCountry "NOR"]
[SourceTitle "EXT 2017"]
[Source "ChessBase"]
[SourceDate "2016.10.25"]
[SourceVersion "1"]
[SourceVersionDate "2016.10.25"]
[SourceQuality "1"]

1. d4 d6 2. e4 Nd7 3. Nf3 e5 4. Bc4 c6 5. 0-0 Be7 6. Nc3 Ngf6 7. h3 0-0 8. Be3 Qc7 9. Bb3 a6 10. a4 b6 11. Qe2 Rb8 12. Rfd1 c5 13. dxe5 dxe5 14. Bc4 Ra8 15. Rd2 h6 16. Bd5 Rb8 17. Rad1 Re8 18. Nh4 b5 19. axb5 axb5 20. Nxb5 Qa5 21. c4 Nxd5 22. Rxd5 Bxh4 23. Rxd7 Bxd7 24. Rxd7 Rbd8 25. Ra7 Qb6 26. Qh5 Qf6 27. Nc7 Qb6 28. Nxe8 Qxa7 29. Nxg7 Bf6 30. Nf5 Bg7 31. Bxh6 Bxh6 32. Qxh6 f6 33. Qg6+ Kf8 34. Qxf6+ 1-0

[Event "NOR-ch Class2"]
[Site "Lillehammer"]
[Date "2013.06.29"]
[Round "3"]
[White "Lie, Gunnar"]
[Black "Suntharalingam, Jarani"]
[Result "1/2-1/2"]
[WhiteElo "1671"]
[BlackElo "1495"]
[PlyCount "44"]
[EventDate "2013.06.29"]
[EventType "swiss"]
[EventRounds "9"]
[EventCountry "NOR"]
[SourceTitle "EXT 2017"]
[Source "ChessBase"]
[SourceDate "2016.10.25"]
[SourceVersion "1"]
[SourceVersionDate "2016.10.25"]
[SourceQuality "1"]

1. d4 d5 2. e4 dxe4 3. Nc3 Nf6 4. f3 exf3 5. Nxf3 e6 6. Bg5 Be7 7. Qd2 b6 8. 0-0-0 Bb7 9. Bd3 Nc6 10. Rhf1 Nb4 11. Qf4 h6 12. Bxf6 Bxf6 13. Be4 Bd5 14. Kb1 Bxe4 15. Nxe4 Nd5 16. Qd2 Qd7 17. c4 Ne7 18. Qc2 0-0-0 19. Qb3 Qc6 20. Nxf6 gxf6 21. Qa3 Qe4+ 22. Ka1 Nc6 1/2-1/2

[Event "NOR-ch Class2"]
[Site "Lillehammer"]
[Date "2013.06.29"]
[Round "7"]
[White "Lie, Gunnar"]
[Black "Wolf, Ronald"]
[Result "0-1"]
[WhiteElo "1671"]
[BlackElo "1546"]
[PlyCount "154"]
[EventDate "2013.06.29"]
[EventType "swiss"]
[EventRounds "9"]
[EventCountry "NOR"]
[SourceTitle "EXT 2017"]
[Source "ChessBase"]
[SourceDate "2016.10.25"]
[SourceVersion "1"]
[SourceVersionDate "2016.10.25"]
[SourceQuality "1"]

1. d4 Nf6 2. f3 e6 3. e4 Bb4+ 4. Bd2 Bxd2+ 5. Qxd2 b6 6. e5 Nd5 7. c4 Ne7 8. Nc3 Bb7 9. Bd3 d5 10. cxd5 Nxd5 11. Ne4 h6 12. Ne2 Qe7 13. Rc1 0-0 14. 0-0 Nd7 15. f4 f5 16. exf6 N7xf6 17. N2g3 Ng4 18. Rce1 Qb4 19. Qxb4 Nxb4 20. Bc4 Bd5 21. Bxd5 Nxd5 22. Rf3 Rxf4 23. h3 Rxf3 24. gxf3 Nge3 25. Nc3 Re8 26. Kf2 Nc2 27. Rd1 Kf7 28. Nge4 Nce3 29. Rd2 Nf5 30. Ne2 Kg6 31. a3 Rf8 32. Rd3 Nfe7 33. Rd1 Nf4 34. Rg1+ Kh7 35. Nxf4 Rxf4 36. Rc1 c6 37. Kg3 g5 38. b4 Nf5+ 39. Kg2 Nxd4 40. Rc4 e5 41. Nd6 Kg6 42. Nc8 Rf7 43. a4 Kf6 44. Nd6 Rd7 45. Ne4+ Kf5 46. Kf2 Ke6 47. Rc3 Rf7 48. a5 Kd5 49. a6 Rf5 50. Ng3 Rf4 51. Kg2 Nb5 52. Rb3 Nc7 53. Nh5 Rd4 54. Nf6+ Ke6 55. Ne4 Nxa6 56. Ra3 Nxb4 57. Rxa7 Rd7 58. Ra8 Kf7 59. Kg3 c5 60. Rb8 Nd5 61. Kg4 Kg6 62. Rc8 h5+ 63. Kg3 h4+ 64. Kf2 Nf4 65. Rc6+ Kg7 66. Nxg5 Rd2+ 67. Ke1 Re2+ 68. Kf1 Rb2 69. Ne6+ Nxe6 70. Rxe6 b5 71. Rxe5 c4 72. Ke1 b4 73. Re4 c3 74. Rc4 c2 75. Kd2 b3 76. Rxh4 Rb1 77. Rc4 Rd1+ 0-1

[Event "NOR-ch Class2"]
[Site "Lillehammer"]
[Date "2013.06.29"]
[Round "4"]
[White "Sandmark, Tore"]
[Black "Lie, Gunnar"]
[Result "1-0"]
[WhiteElo "1619"]
[BlackElo "1671"]
[PlyCount "61"]
[EventDate "2013.06.29"]
[EventType "swiss"]
[EventRounds "9"]
[EventCountry "NOR"]
[SourceTitle "EXT 2017"]
[Source "ChessBase"]
[SourceDate "2016.10.25"]
[SourceVersion "1"]
[SourceVersionDate "2016.10.25"]
[SourceQuality "1"]

1. e4 d6 2. d4 Nf6 3. Nc3 g6 4. Nf3 Bg7 5. Be3 0-0 6. h3 c6 7. Qd2 Na6 8. 0-0-0 Qa5 9. Kb1 b5 10. Nd5 Qxd2 11. Nxe7+ Kh8 12. Nxd2 Bd7 13. d5 cxd5 14. Nxd5 Bc6 15. Bd4 Bxd5 16. exd5 Nc7 17. c4 bxc4 18. Bxc4 Ncxd5 19. Ne4 Nxe4 20. Bxd5 Rae8 21. Bxa7 Nc5 22. Rhe1 Rxe1 23. Rxe1 Nd3 24. Re7 Rc8 25. Be3 Nxb2 26. Bxf7 Nd1 27. Re8+ Rxe8 28. Bxe8 d5 29. Kc2 Nc3 30. Bf7 Nxa2 31. Bd2 1-0